000 00740cam a2200229 4500
001 ABS63285
008 000000n2000 000 0 eng u
035 _a(Sirsi) u110141
100 _aMorrison, A
245 _aFocus update 2000: Leeds
260 _c2000
490 _aEstates Gazette
_v(0049) 9 December 2000, 83-91(5)
520 _aReviews Leeds quest for global recognition providing an overview of the office, retail and industrial markets and the proposed Leeds Supertram system.
590 _aABS
650 _aLEEDS
650 _aECONOMY
650 _aTRANSPORT SYSTEMS
650 _aTRAMS
650 _aLIGHT RAPID TRANSIT SYSTEMS
690 _aPROPERTY-COMMERCIAL PROPERTY-COMMERCIAL PROPERTY MARKET
942 _n0
999 _c65679
_d65679